Ish's 1000 players Rich & Poor season 2.5 - Statistics

General Stats
  • This quiz has been taken 7 times
  • The average score is 16 of 60
Answer Stats
Island Nation Role in the nation Player % Correct
2 Luminara - Conspiracy Fluixon
100%
2 / / saparata
100%
1 Westhelm schpood
100%
2 Luminara 3BelowZero
75%
2 Cass Coalition - Harborbloom CallMeCass
75%
cynikka
75%
2 Tricolour Jophiel_
75%
2 Luminara - Conspiracy Thomas5200
75%
2 Cass Coalition - Harborbloom WoodDaddy
75%
1 Westhelm 5pyder
50%
2 Aperion AlkalineAlke
50%
2 Tricolour Gabory
50%
2 Luminara LegacyAN
50%
2 Luminara - Conspiracy NewKids
50%
Turntapp
50%
2 Arthon - Commonwealth Wolfram
50%
2 Conquesodors - Triumvirate AFreakinTurkey
25%
2 Aledonia - Commonwealth Almond
25%
2 New Dawn - Southern Alliance AManInASuit
25%
2 Bonzo - Southern Alliance crewwww
25%
2 Luminara - Conspiracy gotoga
25%
2 Luminara - Conspiracy Hvyrotation
25%
1 Westhelm - Commonwealth Knight_Arcturus
25%
2 Azcoria - Commonwealth Korulein
25%
2 Mattel/Barbieland - Triumvirate madzvie
25%
1 Westhelm owo6
25%
2 Cass Coalition - Harborbloom ProGamerDude
25%
1 Westhelm RemyTheRat
25%
2 Tricolour - Conspiracy Seraphim_Here
25%
SirEzran
25%
1 Westhelm Skipolo
25%
2 Luminara - Conspiracy Snowbird334
25%
2 Cass Coalition - Harborbloom TherinV
25%
TripleLion
25%
Zynnr
25%
1 Westhelm Bardun_
0%
2 Beta
0%
2 Mattel/Barbieland - Triumvirate Brizzy_Brit
0%
2 Pirate Republic - Harborbloom CiaranPixelz
0%
davarit
0%
2 Gauntlet - Commonwealth Feebazz
0%
2 Aperion Freshman3297
0%
GetPineappled
0%
Harvest5
0%
2 History
0%
2 Aperion Jagster
0%
2 Tricolour Jamminhead
0%
1 Westhelm Johntop05
0%
2 Mattel/Barbieland - Triumvirate lightrocket2
0%
2 New Dawn - Southern Alliance NickSea
0%
2 New Dawn - Southern Alliance nyxxlunari
0%
2 ocho
0%
RedlzLighting
0%
1 Westhelm SHeep03
0%
2 Mykonos - Commonwealth SitzKrieg0
0%
2 Spinelius
0%
Stragedy
0%
Triogami
0%
1 Westhelm Vadayn
0%
2 Arthon - Commonwealth Zakor4
0%
No matching quizzes found
Score Distribution
Percent of People with Each Score
Percentile by Number Answered
Your Score History
You have not taken this quiz